[Event "Roncana op-C 5th"]
[Site "Santa Eulalia de Roncana"]
[Date "2011.11.12"]
[Round "6"]
[White "Baltasar Diaz, Vicente"]
[Black "Morales Garcia, Alex"]
[Result "1-0"]
[WhiteElo "1780"]
[BlackElo "1700"]
[PlyCount "45"]
[EventDate "2011.10.01"]
[EventType "swiss"]
[EventRounds "8"]
[EventCountry "ESP"]
[SourceTitle "EXT 2013"]
[Source "ChessBase"]
[SourceDate "2012.11.22"]
[SourceVersion "1"]
[SourceVersionDate "2012.11.22"]
[SourceQuality "1"]

1. e4 e5 2. Nf3 Nc6 3. Nc3 Nf6 4. d4 Bd6 5. dxe5 Nxe5 6. Nxe5 Bxe5 7. Be3 0-0 8. f3 b6 9. Qd2 Bb7 10. 0-0-0 Qc8 11. g4 h6 12. h4 Bc6 13. Bxh6 Ne8 14. Qg5 Bf6 15. Qf4 gxh6 16. Qxh6 Bg7 17. Qg5 f6 18. Qg6 d6 19. Bc4+ d5 20. Nxd5 Bxd5 21. Bxd5+ Kh8 22. Qh5+ Bh6+ 23. Qxh6# 1-0

[Event "Roncana op-C 5th"]
[Site "Santa Eulalia de Roncana"]
[Date "2011.11.05"]
[Round "5"]
[White "Morales Garcia, Alex"]
[Black "Guiteras Canal, Nil"]
[Result "0-1"]
[WhiteElo "1700"]
[BlackElo "1813"]
[PlyCount "96"]
[EventDate "2011.10.01"]
[EventType "swiss"]
[EventRounds "8"]
[EventCountry "ESP"]
[SourceTitle "EXT 2013"]
[Source "ChessBase"]
[SourceDate "2012.11.22"]
[SourceVersion "1"]
[SourceVersionDate "2012.11.22"]
[SourceQuality "1"]

1. e4 e5 2. Nf3 Nf6 3. Nc3 Nc6 4. Be2 Bc5 5. 0-0 d6 6. h3 0-0 7. d3 h6 8. a3 a5 9. Nb5 Nh7 10. Be3 b6 11. c3 Ba6 12. d4 Bxb5 13. Bxb5 Na7 14. Qd3 c6 15. Bc4 b5 16. Bb3 a4 17. Bc2 Bb6 18. c4 Qd7 19. c5 Bc7 20. d5 Rfd8 21. cxd6 Qxd6 22. b4 Nf6 23. Bc5 Qd7 24. Nxe5 Bxe5 25. Bd4 Bxd4 26. Qxd4 Rac8 27. Qd3 Nh5 28. e5 Nf4 29. Qh7+ Kf8 30. Bf5 Qxd5 31. f3 Ne2+ 32. Kf2 Rb8 33. Kxe2 Qxe5+ 34. Be4 Qb2+ 35. Bc2 Re8+ 36. Kf2 g6 37. Rac1 h5 38. Qh6+ Qg7 39. Qd2 Rbd8 40. Bd3 Qd4+ 41. Kg3 Qxd3 42. Qh6+ Kg8 43. Rcd1 Qxa3 44. Rxd8 Rxd8 45. Re1 Qxb4 46. Kh2 Qxe1 47. g4 Qf2+ 48. Kh1 Rd1# 0-1

[Event "Roncana op-C 5th"]
[Site "Santa Eulalia de Roncana"]
[Date "2011.10.15"]
[Round "3"]
[White "Morales Garcia, Alex"]
[Black "Fernandez Hernandez, Victor"]
[Result "1-0"]
[WhiteElo "1700"]
[BlackElo "1742"]
[PlyCount "61"]
[EventDate "2011.10.01"]
[EventType "swiss"]
[EventRounds "8"]
[EventCountry "ESP"]
[SourceTitle "EXT 2013"]
[Source "ChessBase"]
[SourceDate "2012.11.22"]
[SourceVersion "1"]
[SourceVersionDate "2012.11.22"]
[SourceQuality "1"]

1. e4 e5 2. Nf3 Nc6 3. Be2 Nf6 4. Nc3 Bc5 5. 0-0 0-0 6. d3 h6 7. h3 d6 8. Kh2 Bd4 9. Bd2 Bg4 10. hxg4 Nxg4+ 11. Kg1 Nxf2 12. Rxf2 Bxf2+ 13. Kxf2 Ne7 14. d4 exd4 15. Nxd4 Ng6 16. Bh5 Qf6+ 17. Nf5 d5 18. Nxd5 Qxb2 19. Bc3 Qa3 20. Qd4 f6 21. Bxg6 Rae8 22. Bxe8 Rxe8 23. Nxc7 Rc8 24. Nb5 Qa6 25. Ne7+ Kh7 26. Nxc8 Qxb5 27. Nd6 Qc6 28. e5 fxe5 29. Qxe5 Qd7 30. Rh1 Qa4 31. Qxg7# 1-0